000
00317 a2200145 4500
001
71538
020
_a
040
_c
Anchieta - Colégio São Paulo
100
_a
Fernandes, Paulo Dias
240
1
0
_a
Festa no céu
_l
por
245
1
0
_a
Festa no céu
300
_a
[14]
650
4
_a
Literatura infantil
942
_c
BK
999
_c
71538
_d
71538